Introducción a las series e integrales de Fourier

Saved in:
Bibliographic Details
Main Author: Seeley, Robert T (Author)
Format: Book
Language:Spanish
Published: Barcelona Reverté 1970
Subjects:
Tags: Add Tag
No Tags, Be the first to tag this record!

MARC

LEADER 00000nam a2200000 a 4500
001 UCW0766
003 CL-VaPUC
008 890524e19700000SP |||||||||||||||||spa|d
082 0 4 |a 515.243  |b SEE  |2 21 
100 0 |a Seeley, Robert T  |e author  |9 304690 
245 1 0 |a Introducción a las series e integrales de Fourier 
300 |a 104 p 
942 |c BK 
945 |d 19890524 00:00:00 
260 |a Barcelona  |b Reverté  |c 1970 
650 0 |a Series de Fourier  |9 260465 
583 |a last modification  |c 19890524 00:00:00  |k Rodrigo Vera 
999 |c 215825  |d 215823 
952 |0 0  |1 0  |4 0  |6 515_243000000000000_SEE_1970  |7 0  |8 A  |9 200899  |a BIBMAT  |b BIBMAT  |d 2019-11-14  |i 2680238  |o 515.243 SEE 1970  |p 2680238  |r 2025-01-07  |w 2019-11-14  |y BK  |k MAT 
952 |0 0  |1 0  |4 0  |6 515_243000000000000_SEE_1970  |7 0  |8 A  |9 200901  |a BIBCUR  |b BIBCUR  |d 2019-11-14  |i 1747886  |o 515.243 SEE 1970  |p 1747886  |r 2025-04-22  |w 2019-11-14  |y BK  |k BCB 
952 |0 0  |1 0  |4 0  |6 515_243000000000000_SEE_1970  |7 0  |8 A  |9 200902  |a BIBMAT  |b BIBMAT  |d 2019-11-14  |i 1302221  |o 515.243 SEE 1970  |p 1302221  |r 2025-01-07  |w 2019-11-14  |y BK  |k MAT